46 Glorious years 1972-2018; (Record no. 200877)

MARC details
000 -LEADER
fixed length control field 00680nam a22001937a 4500
005 - DATE AND TIME OF LATEST TRANSACTION
control field 20240216161629.0
008 - FIXED-LENGTH DATA ELEMENTS--GENERAL INFORMATION
fixed length control field 090826t xxu||||| |||| 00| 0 eng d
010 ## - LCCN (DPL NO)
LC control number ENG-139354
020 ## - INTERNATIONAL STANDARD BOOK NUMBER
Terms of availability 2000/-
International Standard Book Number 978-81-937464-7-9
035 ## - SYSTEM CONTROL NUMBER
System control number ENG-139354
040 ## - CATALOGING SOURCE
Language of cataloging English
082 ## - DEWEY DECIMAL CLASSIFICATION NUMBER
Classification number 630
245 ## - TITLE STATEMENT
Title 46 Glorious years 1972-2018;
Statement of responsibility, etc DR..Balasaheb Sawant konkan krishi vidyapeeth
260 ## - PUBLICATION, DISTRIBUTION, ETC. (IMPRINT)
Name of publisher, distributor, etc Director of Extension Education , DBSKKV ,
Place of publication, distribution, etc MAHARASTRA
Date of publication, distribution, etc 2018
270 ## - ADDRESS
Address Dapoli , Maharastra
300 ## - PHYSICAL DESCRIPTION
Extent 263p.
Dimensions 22cm.(Hb)
942 ## - ADDED ENTRY ELEMENTS (KOHA)
Source of classification or shelving scheme Dewey Decimal Classification
Item type English Books
Call number suffix VID
Classification part 630
Holdings
Withdrawn status Lost status Source of classification or shelving scheme Damaged status Not for loan Collection code Home library Current library Date acquired Source of acquisition Cost, normal purchase price Total Checkouts Full call number Barcode Date last seen Copy number Cost, replacement price Koha item type
    Dewey Decimal Classification   Not For Loan Reference Sarojini Nagar Sarojini Nagar 16/02/2024 DBAD/PUB 2000.00   VID 630 EN-122886 16/02/2024 1 2000.00 English Books

© Delhi Public Library
Hit Counter
free hit counter